[Event "Dortmund Sparkassen op-B 47th"]
[Site "Dortmund"]
[Date "2019.07.20"]
[Round "8"]
[White "Kohlen, Hubert"]
[Black "Pennekamp, Christoph"]
[Result "0-1"]
[WhiteElo "1305"]
[BlackElo "1306"]
[PlyCount "150"]
[EventDate "2019.07.13"]
[EventType "swiss"]
[EventRounds "9"]
[EventCountry "GER"]
[SourceTitle "CBM 192 Extra"]
[Source "Chessbase"]
[SourceDate "2019.11.06"]
[SourceVersion "1"]
[SourceVersionDate "2019.11.06"]
[SourceQuality "1"]

1. c4 g6 2. g3 Bg7 3. d4 Nf6 4. Bg2 0-0 5. Nf3 d6 6. 0-0 Nbd7 7. Nc3 h6 8. Qc2 c6 9. h4 d5 10. cxd5 cxd5 11. Bf4 Nb6 12. b3 Bf5 13. Qd2 Kh7 14. Rac1 Qd7 15. Ne5 Qd8 16. Kh2 Nbd7 17. Nf3 Nh5 18. e3 Nxf4 19. exf4 Nf6 20. Ne5 e6 21. f3 Ne8 22. g4 Qxh4+ 23. Bh3 f6 24. Nd7 Rf7 25. Nc5 b6 26. Nd3 Bxd3 27. Qxd3 Nd6 28. Kg2 Rc8 29. Ne2 Rfc7 30. Rxc7 Rxc7 31. Rc1 Rxc1 32. Nxc1 Qe1 33. Ne2 b5 34. Nc3 a6 35. Kh2 Qf2+ 36. Bg2 f5 37. Nd1 Qxd4 38. Qxd4 Bxd4 39. Kg3 Kg7 40. g5 hxg5 41. fxg5 Be5+ 42. f4 Bd4 43. Nf2 Bxf2+ 44. Kxf2 Kf7 45. Ke3 Ke7 46. Kd4 Nb7 47. Ke5 Nc5 48. Bf1 Ne4 49. a4 bxa4 50. bxa4 a5 51. Bb5 Nc3 52. Bc6 Ne4 53. Bb5 Nd6 54. Bc6 Nf7+ 55. Kd4 Kd6 56. Be8 e5+ 57. fxe5+ Nxe5 58. Ke3 Kc5 59. Kf4 Kd4 60. Bb5 Nd3+ 61. Kf3 Nc5 62. Be8 Ke5 63. Bxg6 Ne6 64. Be8 Nxg5+ 65. Ke2 Ke4 66. Bc6 Ne6 67. Bd7 Nd4+ 68. Kf2 f4 69. Be8 Nb3 70. Bg6+ Ke5 71. Bc2 Nc5 72. Kf3 d4 73. Ke2 d3+ 74. Bxd3 Nxd3 75. Kxd3 Kd5 0-1